Normal view
MARC view
- López Velasco de Faubert, Ana Luisa
Entry Nombre Personal
001 - NUMERO DE CONTROL
- campo de control: 44973
003 - IDENTIFICADOR DE NUMERO DE CONTROL
- campo de control: DLC
005 - FECHA Y HORA DE LA ÜLTIMA TRANSACCIÓN
- campo de control: 20220620154136.0
008 - DATOS DE LONGITUD FIJA
- campo de control de longitud fija: 110801n| acannaabn |a aaa c
010 ## - NÚMERO DE CONTROL DE LA BIBLIOTECA DEL CONGRESO
- Número de control LC: no2011117428
035 ## - NUMERO DE CONTROL
- Número de control: (OCoLC)oca08930702
040 ## - FUENTE DE CATALOGACIÓN
- Agencia original de catalogación: AgViUSA
- Lenguaje de catalogación: spa
- Agencia de transcripción: AgViUSA
- Agencia que lo modifica: MX-MxUPN
100 1# - ENCABEZAMIENTO - NOMBRE PERSONAL
- Nombre personal: López Velasco de Faubert, Ana Luisa
400 1# - VEÁSE - NOMBRE DE PERSONA
- Personal name: Velasco de Faubert, Ana Luisa López
400 1# - VEÁSE - NOMBRE DE PERSONA
- Personal name: De Faubert, Ana Luisa López Velasco
400 1# - VEÁSE - NOMBRE DE PERSONA
- Personal name: Faubert, Ana Luisa López Velasco de
400 1# - VEÁSE - NOMBRE DE PERSONA
- Personal name: López, Ana Luisa
670 ## - FUENTE EN LA QUE SE LOCALIZARON DATOS
- Cita de la fuente: Cómo investigar en ciencias sociales, 1994:
- Información localizada: portada (Ana Luisa López Velasco de Faubert) cubierta (Ana Luisa López)
902 ## - CATALOGADOR
- Catalogador: VAGG/200622
